<?xml version="1.0" encoding="UTF-8"?><?xml-stylesheet type="text/xsl" href="static/style.xsl"?><OAI-PMH xmlns="http://www.openarchives.org/OAI/2.0/" xmlns:xsi="http://www.w3.org/2001/XMLSchema-instance" xsi:schemaLocation="http://www.openarchives.org/OAI/2.0/ http://www.openarchives.org/OAI/2.0/OAI-PMH.xsd"><responseDate>2026-04-27T21:44:07Z</responseDate><request verb="GetRecord" identifier="oai:uvadoc.uva.es:10324/7157" metadataPrefix="marc">https://uvadoc.uva.es/oai/request</request><GetRecord><record><header><identifier>oai:uvadoc.uva.es:10324/7157</identifier><datestamp>2025-03-03T10:23:10Z</datestamp><setSpec>com_10324_1134</setSpec><setSpec>com_10324_931</setSpec><setSpec>com_10324_894</setSpec><setSpec>col_10324_1213</setSpec></header><metadata><record xmlns="http://www.loc.gov/MARC21/slim" xmlns:doc="http://www.lyncode.com/xoai" xmlns:xsi="http://www.w3.org/2001/XMLSchema-instance" xmlns:dcterms="http://purl.org/dc/terms/" xsi:schemaLocation="http://www.loc.gov/MARC21/slim http://www.loc.gov/standards/marcxml/schema/MARC21slim.xsd">
<leader>00925njm 22002777a 4500</leader>
<datafield tag="042" ind1=" " ind2=" ">
<subfield code="a">dc</subfield>
</datafield>
<datafield tag="720" ind1=" " ind2=" ">
<subfield code="a">Gómez Niño, María Ángeles</subfield>
<subfield code="e">author</subfield>
</datafield>
<datafield tag="720" ind1=" " ind2=" ">
<subfield code="a">Agapito Serrano, María Teresa</subfield>
<subfield code="e">author</subfield>
</datafield>
<datafield tag="720" ind1=" " ind2=" ">
<subfield code="a">Obeso Cáceres, Ana María de la Luz</subfield>
<subfield code="e">author</subfield>
</datafield>
<datafield tag="720" ind1=" " ind2=" ">
<subfield code="a">González Martínez, Constancio</subfield>
<subfield code="e">author</subfield>
</datafield>
<datafield tag="260" ind1=" " ind2=" ">
<subfield code="c">2009</subfield>
</datafield>
<datafield tag="520" ind1=" " ind2=" ">
<subfield code="a">Lowoxygen sensing in chemoreceptor cells involves the inhibition of specific plasma membrane K+ channels,&#xd;
suggesting that mitochondria-derived reactive oxygen species (ROS) link hypoxia to K+ channel&#xd;
inhibition, subsequent cell depolarization and activation of neurotransmitter release.We have used several&#xd;
mitochondrial poisons, alone and in combination with the antioxidant N-acetylcysteine (NAC), and&#xd;
quantify their capacity to alter GSH/GSSG levels and glutathione redox potential (EGSH) in rat diaphragm.&#xd;
Selected concentrations of mitochondrial poisons with or without NAC were tested for their capacity to&#xd;
activate neurotransmitter release in chemoreceptor cells and to alter ATP levels in intact rat carotid body&#xd;
(CB).We found that rotenone (1 M), antimycin A (0.2 g/ml) and sodium azide (5mM) decreased EGSH;&#xd;
NAC restored EGSH to control values. At those concentrations mitochondrial poisons activated neurotransmitter&#xd;
release from CB chemoreceptor cells and decreased CB ATP levels, NAC being ineffective to modify&#xd;
these responses. Additional experiments with 3-nitroprionate (5 mM), lower concentrations of rotenone&#xd;
and dinitrophenol revealed variable relationships between EGSH and chemoreceptor cell neurotransmitter&#xd;
release responses and ATP levels. These findings indicate a lack of correlation between mitochondrialgenerated&#xd;
modifications of EGSH and chemoreceptor cells activity. This lack of correlation renders unlikely&#xd;
that alteration of mitochondrial production of ROS is the physiological pathway chemoreceptor cells use&#xd;
to signal hypoxia.</subfield>
</datafield>
<datafield tag="024" ind2=" " ind1="8">
<subfield code="a">Respiratory Physiology &amp; Neurobiology 165 (2009) 104–111</subfield>
</datafield>
<datafield tag="024" ind2=" " ind1="8">
<subfield code="a">1569-9048</subfield>
</datafield>
<datafield tag="024" ind2=" " ind1="8">
<subfield code="a">http://uvadoc.uva.es/handle/10324/7157</subfield>
</datafield>
<datafield tag="024" ind2=" " ind1="8">
<subfield code="a">10.1016/j.resp.2008.10.020</subfield>
</datafield>
<datafield tag="024" ind2=" " ind1="8">
<subfield code="a">104</subfield>
</datafield>
<datafield tag="024" ind2=" " ind1="8">
<subfield code="a">111</subfield>
</datafield>
<datafield tag="024" ind2=" " ind1="8">
<subfield code="a">Respiratory Physiology &amp; Neurobiology</subfield>
</datafield>
<datafield tag="024" ind2=" " ind1="8">
<subfield code="a">165</subfield>
</datafield>
<datafield ind1=" " ind2=" " tag="653">
<subfield code="a">Neurofisiología</subfield>
</datafield>
<datafield tag="245" ind1="0" ind2="0">
<subfield code="a">Effects of mitochondrial poisons on glutathione redox potential and carotid body chemoreceptor activity</subfield>
</datafield>
</record></metadata></record></GetRecord></OAI-PMH>